00423nam a2200133Ia 4500008004100000100002200041245002600063260000900089300003100098440002400129650004500153999001900198952007200217180117s9999 xx 000 0 und d aby Sol Jose Vanzi aBeauty, Gift or Curse c2017 a12-13 pages, 2017 March 19 aPhilippine Panorama aFORCED TO BE BEAUTIFUL AND IMELDA MARCOS c353608d353608 001040aCLbCLd2018-01-17l0r2018-01-17 00:00:00w2018-01-17ySE